Skład Pogoni Siedlce 2025/26 - Statystyki

Ogólne statystyki
  • Ten quiz został rozwiązany 14 razy
  • Średni wynik to 7 z 18
Statystyki odpowiedzi
kraj pozycja zawodnik % Poprawnych
Polska Napastnik Cezary Demianiuk
70%
Polska Pomocnik Damian Szuprytowski
70%
Polska Obrońca Marcin Flis
70%
Polska Obrońca Damian Jakubik
60%
Polska Bramkarz Jakub Lemanowicz
60%
Polska Napastnik Karol Podliński
60%
Polska Obrońca Krystian Miś
60%
Polska Pomocnik Daniel Pik
50%
Polska Obrońca Ernest Dzięcioł
40%
Polska Pomocnik Miłosz Drąg
40%
Polska Obrońca Michał Kołodziejski
30%
Polska Pomocnik Krzysztof Danielewicz
20%
Polska Pomocnik Nikodem Zielonka
20%
Polska Napastnik Cezary Bujalski
10%
Polska Pomocnik Jakub Sinior
10%
Polska Pomocnik Szymon Stypułkowski
10%
Polska Pomocnik Bartosz Borkowski
0%
Polska Pomocnik Bolesław Świerczewski
0%
Nie znaleziono quizów pasujących do podanych kryteriów
Rozkład punktacji
Procent ludzi z każdym wynikiem
Percentyl według liczby udzielonych odpowiedzi
Twoja historia wyników
Nie rozwiązałeś tego quizu